Klassische Komponisten des 20./21. Jahrhunderts - Statistiken

Allgemein
  • Dieses Quiz wurde 143 mal gespielt
  • Das Durchschnittsergebnis liegt bei 9 aus 20
Antwortstatistiken
Bildquiz Hint Antwort % Korrekt
Fluch der Karibik OST Hans Zimmer
81%
West Side Story Leonard Bernstein
78%
Star Wars OST John Williams
70%
Le sacre du printemps Igor Strawinsky
66%
Camina Burana Carl Orff
65%
Rhapsody in Blue George Gershwin
62%
Leningrader Sinfonie Dimitri Schostakowitsch
61%
Peter und der Wolf Sergei Prokofjew
61%
Die Planeten Gustav Holst
59%
4′33″ John Cage
52%
Spiel mir das Lied vom Tod OST Ennio Morricone
45%
Die Dreigroschenoper Kurt Weill
42%
Ein Überlebender aus Warschau Arnold Schönberg
40%
Herr der Ringe OST Howard Shore
26%
Cantata Profana Béla Bartók
23%
Gesang der Jünglinge Karl-Heinz Stockhausen
23%
Truman Show OST Phillip Glass
15%
Music for 18 Musicians Steve Reich
15%
Simpsons Theme Danny Elfman
13%
Das Floß der Medusa Hans Werner Henze
5%
Keine übereinstimmenden Quizze gefunden
Verteilung der Resultate
Anzahl Personen mit jedem Resultat
Perzentil nach korrekt beantworteten Fragen
Ihre Resultats-Entwicklung
Sie haben dieses Quiz noch nicht gespielt